| 000 -LEADER |
| fixed length control field |
00327nam a2200097Ia 4500 |
| 008 - FIXED-LENGTH DATA ELEMENTS--GENERAL INFORMATION |
| fixed length control field |
201216s9999 xx 000 0 und d |
| 100 ## - MAIN ENTRY--PERSONAL NAME |
| Personal name |
Rutherford, D |
| 245 #0 - TITLE STATEMENT |
| Title |
Tanker Cargo Handling: A practical handbook for all tanker crew members and helpful to shore installation staff |
| 260 ## - PUBLICATION, DISTRIBUTION, ETC. |
| Place of publication, distribution, etc. |
London |
| Name of publisher, distributor, etc. |
Charles griffin &co |
| 942 ## - ADDED ENTRY ELEMENTS (KOHA) |
| Koha item type |
Books |